Statistics for Top 50 Toronto Maple Leafs of all time

Click here to take the quiz!

General Stats

  • This quiz has been taken 356 times
  • The average score is 21 of 50

Answer Stats

RankPositionYears ActiveStatsAnswer% Correct
10C1994-2008981 GP - 420 G - 987 PTSMats Sundin
92%
19C1992-1997, 2003393 GP - 131 G - 452 PTSDoug Gilmour
84%
6D1973-19891099 GP - 148 G - 768 PTSBörje Salming
80%
40LW1985-1994, 1996-1998, 2000608 GP - 260 G - 441 PTSWendel Clark
79%
11C1970-1982844 GP - 389 G - 916 PTSDarryl Sittler
77%
3D1949-19701185 GP - 109 G - 458 PTSTim Horton
76%
14G1958-1969219-160-79 - GAA 2.49 - SP% .921Johnny Bower
71%
36G1998-2002, 2008-2009138-97-28 - GAA 2.47 - SP% .910Curtis Joseph
70%
5C1960-19751062 GP - 365 G - 858 PTSDave Keon
70%
13LW1957-1968720 GP - 296 G - 597 PTSFrank Mahovlich
64%
32RW1980-1987534 GP - 299 G - 527 PTSRick Vaive
61%
12RW1949-19711187 GP - 296 G - 713 PTSGeorge Armstrong
59%
39RW1973-1979477 GP - 219 G - 459 PTSLanny McDonald
59%
1C1936-1948423 GP - 201 G - 432 PTSSyl Apps
59%
8G1936-1952302-224-101 - GAA 2.53 - SP% N/ATurk Broda
59%
48G1991-1998160-149-49 - GAA 2.87 - SP% .908Felix Potvin
57%
27RW2009-2015446 GP - 181 G - 394 PTSPhil Kessel
56%
25C1960-1967470 GP - 119 G - 351 PTSRed Kelly
53%
35D1998-2011878 GP - 83 G - 520 PTSTomáš Kaberle
53%
2RW1929-1938326 GP - 200 G - 324 PTSCharlie Conacher
50%
4C1943-1957696 GP - 231 G - 560 PTSTed Kennedy
48%
7D1930-1936286 GP - 52 G - 130 PTSKing Clancy
47%
37D2000-2008523 GP - 83 G - 297 PTSBryan McCabe
43%
47D1973-1981580 GP - 112 G - 414 PTSIan Turnbull
38%
33LW1947-1958601 GP - 186 G - 369 PTSSid Smith
38%
31RW1961-19811034 GP - 332 G - 640 PTSRon Ellis
37%
23C1968-1975535 GP - 166 G - 471 PTSNorm Ullman
35%
29D1946-1957, 1970-1972739 GP - 29 G - 169 PTSBob Baun
33%
34RW1926-1934313 GP - 111 G - 193 PTSAce Bailey
32%
24D1924-1937538 GP - 86 G - 199 PTSHap Day
32%
15D1958-1968633 GP - 47 G - 233 PTSAllan Stanley
31%
18LW1956-1970947 GP - 251 G - 563 PTSBob Pulford
28%
41C1947-1953354 GP - 122 G - 256 PTSMax Bentley
28%
9LW1929-1939432 GP - 186 G - 351 PTSBusher Jackson
26%
16C1927-1936310 GP - 66 G - 243 PTSJoe Primeau
24%
50RW1968-1974408 GP - 162 G - 318 PTSPaul Henderson
24%
17RW1919-1926, 1930177 GP - 173 G - 215 PTSBabe Dye
22%
26G1952-1956103-106-58 - GAA 2.20 - SP% .918Harry Lumley
22%
49D1995-2002506 GP - 25 G - 135 PTSDmitry Yushkevich
20%
21D1958-1965, 1979-1980473 GP - 19 G - 155 PTSCarl Brewer
19%
30D1928-1940490 GP - 42 G - 152 PTSRed Horner
19%
45LW1955-1964582 GP - 174 G - 342 PTSDick Duff
18%
20RW1936-1942262 GP - 127 G - 244 PTSGordie Drillon
17%
38D1942-1946181 GP - 52 G - 160 PTSBabe Pratt
16%
28LW1946-1954500 GP - 163 G - 285 PTSHarry Watson
15%
44D1946-1952371 GP - 21 G - 92 PTSGus Mortson
14%
43D1917-1924160 GP - 125 G - 184 PTSReg Noble
14%
42C1947-1958549 GP - 162 G - 346 PTSTod Sloan
14%
22D1945-1957717 GP - 15 G - 223 PTSJimmy Thomson
13%
46D1939-1948282 GP - 20 G - 94 PTSWally Stanowski
11%

Score Distribution

Percentile by Number Answered

Percent of People with Each Score

Your Score History

You have not taken this quiz